<?xml version="1.0" encoding="UTF-8"?>
<record
    xmlns:xsi="http://www.w3.org/2001/XMLSchema-instance"
    xsi:schemaLocation="http://www.loc.gov/MARC21/slim http://www.loc.gov/standards/marcxml/schema/MARC21slim.xsd"
    xmlns="http://www.loc.gov/MARC21/slim">

  <leader>00429nam a22001577a 4500</leader>
  <datafield tag="999" ind1=" " ind2=" ">
    <subfield code="c">12391</subfield>
    <subfield code="d">12391</subfield>
  </datafield>
  <controlfield tag="008">210201b           ||||| |||| 00| 0 eng d</controlfield>
  <datafield tag="082" ind1="0" ind2="0">
    <subfield code="a">621.4021076</subfield>
    <subfield code="b">B7888</subfield>
  </datafield>
  <datafield tag="100" ind1=" " ind2=" ">
    <subfield code="9">2100</subfield>
    <subfield code="a">Boxer, G.</subfield>
  </datafield>
  <datafield tag="245" ind1="1" ind2="0">
    <subfield code="a">Examples in engineering thermodynamics</subfield>
  </datafield>
  <datafield tag="250" ind1=" " ind2=" ">
    <subfield code="a">1st ed.-- London: Arnold, 1966.</subfield>
  </datafield>
  <datafield tag="260" ind1=" " ind2=" ">
    <subfield code="a"> London </subfield>
    <subfield code="b">Arnold </subfield>
    <subfield code="c">1966</subfield>
  </datafield>
  <datafield tag="300" ind1=" " ind2=" ">
    <subfield code="a">xi, 404p.</subfield>
  </datafield>
  <datafield tag="365" ind1=" " ind2=" ">
    <subfield code="d">40.50</subfield>
  </datafield>
  <datafield tag="650" ind1=" " ind2="0">
    <subfield code="a">Thermodynamics</subfield>
  </datafield>
  <datafield tag="942" ind1=" " ind2=" ">
    <subfield code="c">BK</subfield>
  </datafield>
  <datafield tag="952" ind1=" " ind2=" ">
    <subfield code="0">0</subfield>
    <subfield code="1">0</subfield>
    <subfield code="2">ddc</subfield>
    <subfield code="4">0</subfield>
    <subfield code="6">621_402107600000000_B7888</subfield>
    <subfield code="7">0</subfield>
    <subfield code="9">22969</subfield>
    <subfield code="a">CL</subfield>
    <subfield code="b">CL</subfield>
    <subfield code="d">1971-07-01</subfield>
    <subfield code="e">Sankar&#x2019;s Book Agency</subfield>
    <subfield code="o">621.4021076 B7888</subfield>
    <subfield code="p">03674</subfield>
    <subfield code="r">2021-02-01</subfield>
    <subfield code="y">BK</subfield>
  </datafield>
  <datafield tag="952" ind1=" " ind2=" ">
    <subfield code="0">0</subfield>
    <subfield code="1">0</subfield>
    <subfield code="2">ddc</subfield>
    <subfield code="4">0</subfield>
    <subfield code="6">621_402107600000000_B7888</subfield>
    <subfield code="7">0</subfield>
    <subfield code="9">22970</subfield>
    <subfield code="a">CL</subfield>
    <subfield code="b">CL</subfield>
    <subfield code="d">1971-07-01</subfield>
    <subfield code="e">Sankar&#x2019;s Book Agency</subfield>
    <subfield code="o">621.4021076 B7888</subfield>
    <subfield code="p">03675</subfield>
    <subfield code="r">2021-02-01</subfield>
    <subfield code="y">BK</subfield>
  </datafield>
  <datafield tag="952" ind1=" " ind2=" ">
    <subfield code="0">0</subfield>
    <subfield code="1">0</subfield>
    <subfield code="2">ddc</subfield>
    <subfield code="4">0</subfield>
    <subfield code="6">621_402107600000000_B7888</subfield>
    <subfield code="7">0</subfield>
    <subfield code="9">22971</subfield>
    <subfield code="a">CL</subfield>
    <subfield code="b">CL</subfield>
    <subfield code="d">1971-07-01</subfield>
    <subfield code="e">Sankar&#x2019;s Book Agency</subfield>
    <subfield code="o">621.4021076 B7888</subfield>
    <subfield code="p">03676</subfield>
    <subfield code="r">2021-02-01</subfield>
    <subfield code="y">BK</subfield>
  </datafield>
  <datafield tag="952" ind1=" " ind2=" ">
    <subfield code="0">0</subfield>
    <subfield code="1">0</subfield>
    <subfield code="2">ddc</subfield>
    <subfield code="4">0</subfield>
    <subfield code="6">621_402107600000000_B7888</subfield>
    <subfield code="7">0</subfield>
    <subfield code="9">22972</subfield>
    <subfield code="a">CL</subfield>
    <subfield code="b">CL</subfield>
    <subfield code="d">1971-07-01</subfield>
    <subfield code="e">Sankar&#x2019;s Book Agency</subfield>
    <subfield code="o">621.4021076 B7888</subfield>
    <subfield code="p">03677</subfield>
    <subfield code="r">2021-02-01</subfield>
    <subfield code="y">BK</subfield>
  </datafield>
</record>
